[Event "Rated Blitz tournament wmsrjTop"]
[Site "?"]
[Date "2021.10.09"]
[Round "?"]
[White "alphafischer2019"]
[Black "batasjon"]
[Result "1-0"]
[WhiteElo "2514"]
[BlackElo "2445"]
[PlyCount "53"]
[EventDate "2021.??.??"]
[EventType "blitz"]

1. e4 e5 2. Nf3 d5 3. exd5 e4 4. Ng1 Nf6 5. Nc3 Nxd5 6. Nxe4 Qe7 7. Qe2 Nc6 8.
Ng3 Nd4 9. Qxe7+ Bxe7 10. Kd1 h5 11. N1e2 Nc6 12. d4 h4 13. Ne4 f5 14. Nc5 b6
15. Nd3 g5 16. c4 Ndb4 17. Nxb4 Nxb4 18. d5 Nd3 19. Be3 f4 20. Bd4 O-O 21. Kd2
Bf5 22. Nc3 Nxb2 23. Nb5 Na4 24. Nxc7 Bb4+ 25. Kd1 Rf7 26. Nxa8 Re7 27. Be2 {
Normal} 1-0

[Event "Rated Blitz tournament lKfGoWCF"]
[Site "?"]
[Date "2021.10.09"]
[Round "?"]
[White "emandr"]
[Black "Artem_0degov"]
[Result "0-1"]
[WhiteElo "2346"]
[BlackElo "2699"]
[PlyCount "132"]
[EventDate "2021.??.??"]
[EventType "blitz"]

1. e4 e5 2. Nf3 d5 3. exd5 e4 4. Nd4 Qxd5 5. Nb3 Bd6 6. Nc3 Qe5 7. Qe2 Nf6 8.
d3 exd3 9. Qxe5+ Bxe5 10. Bxd3 Nc6 11. Bd2 O-O 12. O-O-O Rd8 13. f4 Bd6 14. h3
a6 15. g4 Bb4 16. Rhe1 Bd6 17. Re2 Nb4 18. Be4 Nxe4 19. Rxe4 f5 20. Re3 fxg4
21. hxg4 Bxg4 22. Rg1 Bf5 23. Nd4 Bd7 24. Reg3 Bf8 25. Ne4 Nd5 26. c4 Re8 27.
Re1 Nb4 28. Nf6+ Kf7 29. Nxd7 Red8 30. Nxf8 Nxa2+ 31. Kc2 Rxd4 32. Ne6 Rxc4+
33. Kb3 Rc6 34. Rxg7+ Kf6 35. Kxa2 Rxe6 36. Bc3+ Kf5 37. Rf7+ Kg6 38. Rg7+ Kf5
39. Rg5+ Kxf4 40. Rxe6 Kxg5 41. Re7 c5 42. Rxh7 b5 43. Rb7 c4 44. Ka3 Kf5 45.
Kb4 Ke6 46. Kc5 Rc8+ 47. Kb6 Ra8 48. Ra7 Rb8+ 49. Kxa6 b4 50. Bd4 c3 51. bxc3
b3 52. c4 b2 53. Bxb2 Rxb2 54. Rb7 Ra2+ 55. Kb6 Rb2+ 56. Kc6 Rh2 57. c5 Ra2 58.
Kb5 Rb2+ 59. Kc6 Rg2 60. Kb6 Ke5 61. c6 Rb2+ 62. Kc7 Rc2 63. Kc8 Rxc6+ 64. Kb8
Rf6 65. Rc7 Rf8+ 66. Rc8 Rf3 {Time forfeit} 0-1

[Event "Rated Blitz game"]
[Site "?"]
[Date "2021.10.09"]
[Round "?"]
[White "mrcoolguy84"]
[Black "Rikoboy"]
[Result "0-1"]
[WhiteElo "2379"]
[BlackElo "2408"]
[PlyCount "34"]
[EventDate "2021.??.??"]
[EventType "blitz"]

1. e4 e5 2. Nf3 d5 3. exd5 e4 4. Nd4 Qxd5 5. Nb3 Nf6 6. Nc3 Qe5 7. Be2 Bd6 8.
d4 exd3 9. Qxd3 O-O 10. Be3 Nc6 11. O-O-O Bf5 12. Qb5 a6 13. Qxb7 Nb4 14. Bd3
Bxd3 15. cxd3 Rfb8 16. Qf3 Nfd5 17. Qxd5 Nxd5 {Normal} 0-1

[Event "Rated Blitz tournament lKfGoWCF"]
[Site "?"]
[Date "2021.10.09"]
[Round "?"]
[White "Kasandra123"]
[Black "Artem_0degov"]
[Result "0-1"]
[WhiteElo "2349"]
[BlackElo "2694"]
[PlyCount "40"]
[EventDate "2021.??.??"]
[EventType "blitz"]

1. e4 e5 2. Nf3 d5 3. exd5 e4 4. Qe2 Nf6 5. d3 Bb4+ 6. Bd2 O-O 7. Bxb4 exf3 8.
Qxf3 Re8+ 9. Be2 Bg4 10. Qg3 Rxe2+ 11. Kf1 Rxc2 12. Nd2 Na6 13. Bc3 Bf5 14. h3
Bg6 15. Kg1 Qxd5 16. Kh2 Qxd3 17. Qg5 h6 18. Qf4 Nd5 19. Qe5 Nxc3 20. bxc3 Qxd2
{Normal} 0-1

[Event "Rated Blitz game"]
[Site "?"]
[Date "2021.10.09"]
[Round "?"]
[White "Schomer"]
[Black "RiskyBlitzer"]
[Result "1-0"]
[WhiteElo "2439"]
[BlackElo "2524"]
[PlyCount "41"]
[EventDate "2021.??.??"]
[EventType "blitz"]

1. e4 e5 2. Nf3 d5 3. Nxe5 dxe4 4. d4 Bd6 5. Nc4 Nf6 6. Nc3 O-O 7. Bg5 Bb4 8.
a3 Bxc3+ 9. bxc3 h6 10. Bh4 g5 11. Bg3 Nd5 12. Qd2 f5 13. Be5 Nc6 14. a4 Nxe5
15. Nxe5 Be6 16. h4 Qf6 17. hxg5 hxg5 18. Bc4 Nf4 19. Bxe6+ Qxe6 20. g3 Nd5 21.
Qxg5+ {Normal} 1-0

[Event "Rated Blitz game"]
[Site "?"]
[Date "2021.10.09"]
[Round "?"]
[White "MONSKY123"]
[Black "RCompany_1"]
[Result "1-0"]
[WhiteElo "2500"]
[BlackElo "2478"]
[PlyCount "113"]
[EventDate "2021.??.??"]
[EventType "blitz"]

1. e4 e5 2. Nf3 d5 3. exd5 e4 4. Qe2 Nf6 5. Nc3 Be7 6. Nxe4 Nxd5 7. d4 O-O 8.
Bd2 Re8 9. O-O-O Bg4 10. h3 Bh5 11. Qb5 Bxf3 12. gxf3 Nb6 13. Rg1 Nc6 14. Qh5
Qd5 15. Ng5 h6 16. Kb1 hxg5 17. Bxg5 Bxg5 18. Rxg5 Qxd4 19. Bd3 g6 20. c3 Qh8
21. Bxg6 Qxh5 22. Bxh5+ Kf8 23. Rdg1 Rad8 24. f4 Rd2 25. Rg7 Nd8 26. Rg8+ Ke7
27. Re1+ Ne6 28. Rxe8+ Kxe8 29. f5 Ke7 30. fxe6 fxe6 31. Bg4 Rxf2 32. Rxe6+ Kf7
33. b3 Nd5 34. c4 Nc3+ 35. Kc1 Nxa2+ 36. Kd1 Nc3+ 37. Ke1 Rf4 38. Re3 Na2 39.
Rf3 Rxf3 40. Bxf3 c6 41. Kd2 Kf6 42. h4 a5 43. Bd1 Kg6 44. Bg4 Kh6 45. Bc8 b5
46. Bg4 bxc4 47. bxc4 c5 48. Bf3 a4 49. Kc2 Nb4+ 50. Kb2 Kg6 51. Ka3 Kh6 52.
Kxa4 Nc2 53. Kb5 Nd4+ 54. Kxc5 Nxf3 55. Kd6 Nxh4 56. c5 Nf5+ 57. Ke5 {Time
forfeit} 1-0

[Event "Rated Blitz game"]
[Site "?"]
[Date "2021.10.09"]
[Round "?"]
[White "shalovsky"]
[Black "Annali-annaliew1979"]
[Result "1-0"]
[WhiteElo "2375"]
[BlackElo "2429"]
[PlyCount "161"]
[EventDate "2021.??.??"]
[EventType "blitz"]

1. e4 e5 2. Nf3 d5 3. d4 dxe4 4. Nxe5 Bd6 5. Nc4 Nf6 6. Nxd6+ cxd6 7. Be3 h6 8.
Be2 O-O 9. c4 d5 10. cxd5 Nxd5 11. Nc3 Nxe3 12. fxe3 Qg5 13. Qd2 f5 14. O-O-O
Nc6 15. h3 Bd7 16. Rdf1 Rac8 17. Kb1 a5 18. g4 Nb4 19. gxf5 Nd3 20. Bxd3 exd3
21. Qxd3 Rxf5 22. e4 Rxf1+ 23. Rxf1 Qg2 24. Qf3 Bxh3 25. Qxg2 Bxg2 26. Rf2 Bh3
27. d5 Re8 28. Kc2 Bd7 29. Kd3 b5 30. Kd4 b4 31. Ne2 g5 32. e5 Kg7 33. Ng3 Kg6
34. Ne4 Rd8 35. Rf6+ Kh5 36. e6 Be8 37. d6 g4 38. Ke5 a4 39. Rf8 Kh4 40. d7
Rxd7 41. exd7 Bxd7 42. Rh8 h5 43. Nf6 Bc6 44. Rxh5+ Kg3 45. Rg5 Bf3 46. Rg8 Kh4
47. Kf4 Kh3 48. Nxg4 Bd5 49. Nf2+ Kh2 50. a3 Bxg8 51. axb4 Kg2 52. Nd3 Bc4 53.
Nc5 Bb5 54. Ke3 Kg3 55. Kd4 Kf4 56. Nd3+ Kf5 57. Nc5 Kf4 58. Nb7 Kf3 59. Kc5
Bd7 60. Nd6 Ke3 61. Nb5 Kd3 62. Nc3 a3 63. bxa3 Kxc3 64. b5 Kb3 65. b6 Bc8 66.
Kc6 Kxa3 67. Kc7 Bb7 68. Kxb7 Kb4 69. Kc7 Kb5 70. b7 Kc5 71. b8=Q Kd5 72. Qd8+
Ke6 73. Kc6 Ke5 74. Qd5+ Kf4 75. Qe6 Kg5 76. Kd5 Kf4 77. Qf7+ Kg5 78. Ke4 Kg4
79. Qg7+ Kh5 80. Kf5 Kh4 81. Qg4# {Normal} 1-0

[Event "Rated Blitz game"]
[Site "?"]
[Date "2021.10.09"]
[Round "?"]
[White "ellatigodepulido"]
[Black "lavilaine"]
[Result "1-0"]
[WhiteElo "2474"]
[BlackElo "2409"]
[PlyCount "35"]
[EventDate "2021.??.??"]
[EventType "blitz"]

1. e4 e5 2. Nf3 d5 3. d4 dxe4 4. Nxe5 Bd6 5. Bf4 Nc6 6. Bb5 Bd7 7. Bxc6 bxc6 8.
O-O Nf6 9. Nc3 O-O 10. Bg5 h6 11. Bxf6 gxf6 12. Nxd7 Qxd7 13. Nxe4 Be7 14. c3
f5 15. Ng3 Bg5 16. f4 Bf6 17. Qh5 Bg7 18. Nxf5 {Normal} 1-0

[Event "Rated Blitz game"]
[Site "?"]
[Date "2021.10.09"]
[Round "?"]
[White "AndyIOC"]
[Black "Rikoboy"]
[Result "0-1"]
[WhiteElo "2428"]
[BlackElo "2386"]
[PlyCount "104"]
[EventDate "2021.??.??"]
[EventType "blitz"]

1. e4 e5 2. Nf3 d5 3. Nxe5 Bd6 4. d4 dxe4 5. Nc3 Bxe5 6. dxe5 Qxd1+ 7. Kxd1 Bf5
8. Nd5 Na6 9. Bxa6 O-O-O 10. Ke2 Rxd5 11. Bc4 Rc5 12. b3 Rxe5 13. Bb2 Bg4+ 14.
Ke3 Rg5 15. Bxf7 Nf6 16. h3 Bd7 17. g3 Rf5 18. Bc4 Rf3+ 19. Ke2 b5 20. Bxf6
Rxf6 21. Bd5 Re8 22. b4 c6 23. Bb3 Ref8 24. Raf1 Rf3 25. a4 a6 26. axb5 axb5
27. h4 Kc7 28. Rh2 Bg4 29. Ke1 e3 30. Ba2 Rd8 31. fxe3 Rxe3+ 32. Kf2 Rf3+ 33.
Kg1 Rxg3+ 34. Rg2 Rxg2+ 35. Kxg2 Rd2+ 36. Kg3 h5 37. Rf7+ Kd6 38. Bb3 Rd4 39.
Rxg7 Rxb4 40. Rg6+ Kc5 41. Rg5+ Kd4 42. Bf7 Rb2 43. Bxh5 Bxh5 44. Rxh5 Rxc2 45.
Rh8 Rc1 46. h5 Rh1 47. h6 b4 48. Rb8 c5 49. Rb6 Kc3 50. Kg4 b3 51. Kg5 b2 52.
Kg6 b1=Q+ {Normal} 0-1

[Event "Rated Rapid game"]
[Site "?"]
[Date "2021.10.09"]
[Round "?"]
[White "ahmed_emam_zaki"]
[Black "beniyakkendiniyak"]
[Result "0-1"]
[WhiteElo "2416"]
[BlackElo "2238"]
[PlyCount "37"]
[EventDate "2021.??.??"]
[EventType "rapid"]

1. e4 e5 2. Nf3 d5 3. exd5 e4 4. Qe2 Nf6 5. Nc3 Be7 6. d3 exf3 7. Qxf3 O-O 8.
Bg5 Re8 9. O-O-O Bg4 10. Qg3 Bxd1 11. Kxd1 Qd6 12. Bf4 Qd8 13. Bxc7 Qc8 14. d6
Bd8 15. Nb5 Qg4+ 16. f3 Qxg3 17. hxg3 Na6 18. Bxd8 Raxd8 19. Be2 {Normal} 0-1

[Event "Rated Blitz tournament lKfGoWCF"]
[Site "?"]
[Date "2021.10.09"]
[Round "?"]
[White "AntonHul"]
[Black "Artem_0degov"]
[Result "0-1"]
[WhiteElo "2346"]
[BlackElo "2698"]
[PlyCount "68"]
[EventDate "2021.??.??"]
[EventType "blitz"]

1. e4 e5 2. Nf3 d5 3. Nxe5 Bd6 4. d4 dxe4 5. Nc4 Nf6 6. Bg5 O-O 7. Be2 Nc6 8.
O-O Nxd4 9. Nxd6 Qxd6 10. Nc3 Bf5 11. Bc4 h6 12. Bh4 Rad8 13. Qc1 Rfe8 14. Bg3
Qc5 15. Bb3 Be6 16. Re1 Bxb3 17. axb3 a6 18. Ra4 c6 19. Rc4 Qf5 20. Ne2 Nxe2+
21. Rxe2 Qd5 22. Re1 Qf5 23. h3 Kh7 24. Bh4 Rd6 25. Qe3 Nd5 26. Qg3 Rg6 27. Qh2
e3 28. Rg4 exf2+ 29. Bxf2 Rxe1+ 30. Bxe1 Ne3 31. Rf4 Qd5 32. Rf2 Qd1 33. Rf1
Nxf1 34. Kxf1 Rf6+ {Normal} 0-1

[Event "Rated Blitz game"]
[Site "?"]
[Date "2021.10.09"]
[Round "?"]
[White "Plmlgs99"]
[Black "RCompany_1"]
[Result "0-1"]
[WhiteElo "2504"]
[BlackElo "2476"]
[PlyCount "116"]
[EventDate "2021.??.??"]
[EventType "blitz"]

1. e4 e5 2. Nf3 d5 3. d3 dxe4 4. dxe4 Qxd1+ 5. Kxd1 Nf6 6. Bd3 Bc5 7. Ke2 Nc6
8. c3 a6 9. Bg5 Nd7 10. b4 Ba7 11. Nbd2 f6 12. Be3 Bxe3 13. Kxe3 a5 14. a3 Nb6
15. Nb3 Be6 16. Nc5 Bc8 17. Bb5 Nd7 18. Bxc6 bxc6 19. Ne6 Kf7 20. Nc5 Nxc5 21.
bxc5 Rb8 22. Rhb1 Be6 23. Nd2 Rb5 24. Rxb5 cxb5 25. Rb1 c6 26. f4 exf4+ 27.
Kxf4 Rd8 28. Ke3 Rb8 29. Nf3 Bd7 30. Nd4 Ke7 31. Rb2 g6 32. g3 Kd8 33. Rf2 Ke7
34. Rb2 h5 35. h4 Rb7 36. Kf4 Rb8 37. e5 Rf8 38. e6 Be8 39. c4 Rg8 40. cxb5
cxb5 41. c6 Kd6 42. Rxb5 g5+ 43. Ke3 gxh4 44. gxh4 Rg3+ 45. Kf4 Rg4+ 46. Ke3
Rxh4 47. Nf5+ Kxc6 48. Nxh4 Kxb5 49. Kd4 Ka4 50. Nf5 Kxa3 51. Ng7 Ba4 52. Nxh5
f5 53. Kc3 Ka2 54. Nf4 Be8 55. e7 a4 56. Kb4 a3 57. Nd5 Kb2 58. Nf6 Bf7 {
Time forfeit} 0-1

[Event "Rated Blitz game"]
[Site "?"]
[Date "2021.10.09"]
[Round "?"]
[White "nomdutilisate"]
[Black "Kiridima123"]
[Result "0-1"]
[WhiteElo "2371"]
[BlackElo "2421"]
[PlyCount "50"]
[EventDate "2021.??.??"]
[EventType "blitz"]

1. e4 e5 2. Nf3 d5 3. Nxe5 Bd6 4. d4 Nf6 5. exd5 O-O 6. c4 Re8 7. f4 c6 8. dxc6
Nxc6 9. Be2 Bb4+ 10. Nc3 Nxd4 11. O-O Bxc3 12. bxc3 Nxe2+ 13. Qxe2 Bg4 14. Qd2
Be6 15. Qd4 Rc8 16. c5 Qa5 17. Be3 Red8 18. Qb4 Qa6 19. Bd4 Nd5 20. Qb2 f6 21.
Nf3 Nxf4 22. Rab1 Bd5 23. a3 Qe6 24. Rfe1 Qg4 25. Qf2 Nh3+ {Time forfeit} 0-1

[Event "Rated Blitz tournament lKfGoWCF"]
[Site "?"]
[Date "2021.10.09"]
[Round "?"]
[White "Kasandra123"]
[Black "Artem_0degov"]
[Result "0-1"]
[WhiteElo "2353"]
[BlackElo "2702"]
[PlyCount "84"]
[EventDate "2021.??.??"]
[EventType "blitz"]

1. e4 e5 2. Nf3 d5 3. exd5 e4 4. Qe2 Nf6 5. d3 Bb4+ 6. c3 O-O 7. dxe4 Bd6 8.
Nbd2 Re8 9. g3 Bf5 10. Bg2 Nxe4 11. Nxe4 Bxe4 12. Be3 Bxd5 13. O-O Nc6 14. Rad1
Be6 15. Qd2 Qe7 16. Nd4 Nxd4 17. Bxd4 Rad8 18. Bxb7 c5 19. Bc6 cxd4 20. Bxe8
Rxe8 21. Qxd4 Bb8 22. Rfe1 h6 23. c4 Qc7 24. c5 Rc8 25. b4 Qc6 26. Rc1 a6 27.
a3 h5 28. Qe4 Bd5 29. Qf5 g6 30. Qd3 Bh1 31. f3 Bxf3 32. Rf1 Bd5 33. Qe3 Be6
34. Qf2 Be5 35. Rfd1 h4 36. gxh4 Qe4 37. a4 Bd5 38. Kf1 Re8 39. Rxd5 Qxd5 40.
c6 Bd4 41. Qg3 Qh1+ 42. Qg1 Qxg1# {Normal} 0-1

[Event "Rated Blitz game"]
[Site "?"]
[Date "2021.10.09"]
[Round "?"]
[White "dumbchess7"]
[Black "RCompany_1"]
[Result "0-1"]
[WhiteElo "2486"]
[BlackElo "2464"]
[PlyCount "82"]
[EventDate "2021.??.??"]
[EventType "blitz"]

1. e4 e5 2. Nf3 d5 3. d4 dxe4 4. Nxe5 Bd6 5. Nc4 Be7 6. Ne3 f5 7. g3 Nf6 8. c4
Nc6 9. d5 Ne5 10. Be2 O-O 11. b3 Bc5 12. Bb2 Qe7 13. Bd4 Nd3+ 14. Bxd3 Bxd4 15.
d6 cxd6 16. c5 exd3 17. Qxd3 Bxa1 18. cxd6 Qe4 19. Qxe4 Nxe4 20. Ke2 Nxd6 21.
Rd1 Ne4 22. Rd5 Be6 23. Rd3 Rad8 24. f3 Rxd3 25. Kxd3 Nc5+ 26. Ke2 Rd8 27. Nd2
b5 28. Nc2 Bc3 29. Nb1 b4 30. a3 a5 31. axb4 axb4 32. Nxc3 bxc3 33. Nb4 Nxb3
34. Ke3 Nd4 35. Nc6 Nxc6 36. Kf4 Kf7 37. Kg5 h6+ 38. Kh5 c2 39. h4 c1=Q 40. f4
Qd1+ 41. g4 Qxg4# {Normal} 0-1

[Event "Rated Blitz tournament W8MKUbS9"]
[Site "?"]
[Date "2021.10.09"]
[Round "?"]
[White "espinozasgod"]
[Black "om_gendut"]
[Result "0-1"]
[WhiteElo "2449"]
[BlackElo "2416"]
[PlyCount "144"]
[EventDate "2021.??.??"]
[EventType "blitz"]

1. e4 e5 2. Nf3 d5 3. exd5 e4 4. Qe2 Be7 5. Qxe4 Nf6 6. Qc4 Nbd7 7. Nc3 Nb6 8.
Qd3 Nbxd5 9. Nxd5 Nxd5 10. Be2 O-O 11. O-O Nf4 12. Qe3 Bd6 13. Bc4 Qf6 14. d4
Qg6 15. Nh4 Qxc2 16. Bb3 Qd3 17. Bd2 Be6 18. Bd1 Rae8 19. Qxd3 Nxd3 20. Bc3 Bc4
21. Bb3 Bxb3 22. axb3 a6 23. g3 Nb4 24. Nf5 Nd5 25. Rac1 g6 26. Nh6+ Kg7 27.
Ng4 h5 28. Ne5 Bxe5 29. dxe5 Nxc3 30. Rxc3 Rxe5 31. Rxc7 Rb5 32. Rc3 Re8 33.
Rb1 Re6 34. Kf1 Reb6 35. Ke2 Rxb3 36. Rxb3 Rxb3 37. Kd2 a5 38. Kc2 Rb5 39. Re1
Rc5+ 40. Kb3 Rc7 41. Ka4 b6 42. Re2 Rc5 43. h4 Kf6 44. b3 Rf5 45. Rc2 Ke5 46.
Kb5 Rf6 47. Rc6 Rxf2 48. Kxb6 Rf3 49. Rc7 Rxb3+ 50. Kxa5 Rxg3 51. Rxf7 Rg4 52.
Rg7 Kf6 53. Rb7 Rxh4 54. Rb6+ Kg7 55. Rb7+ Kh6 56. Rb6 Rg4 57. Rc6 h4 58. Rc3
Kh5 59. Rc8 Rg5+ 60. Kb4 h3 61. Rh8+ Kg4 62. Kc3 Kg3 63. Kd2 Kg2 64. Ke2 h2 65.
Rf8 h1=Q 66. Rf2+ Kh3 67. Rf3+ Rg3 68. Rf8 Qg2+ 69. Ke1 Rg4 70. Rf1 Kg3 71. Rf4
Rxf4 72. Kd1 Rf1# {Normal} 0-1

[Event "Rated Blitz game"]
[Site "?"]
[Date "2021.10.09"]
[Round "?"]
[White "Kotletka_94"]
[Black "superior2017"]
[Result "1-0"]
[WhiteElo "2421"]
[BlackElo "2439"]
[PlyCount "117"]
[EventDate "2021.??.??"]
[EventType "blitz"]

1. e4 e5 2. Nf3 d5 3. exd5 e4 4. Qe2 Nf6 5. d3 Qxd5 6. Nc3 Bb4 7. Bd2 Bxc3 8.
Bxc3 O-O 9. dxe4 Nxe4 10. Rd1 Nxc3 11. Rxd5 Nxe2 12. Bxe2 Be6 13. Rd2 h6 14.
O-O Nc6 15. a3 Rad8 16. Rfd1 Rxd2 17. Rxd2 Rd8 18. Rxd8+ Nxd8 19. Kf1 Nc6 20.
Ke1 Kf8 21. Kd2 Ke7 22. Bd3 Kd6 23. h3 Ne5 24. Nxe5 Kxe5 25. Ke3 c5 26. f4+ Kd6
27. Be4 b5 28. c3 a5 29. b4 axb4 30. axb4 Bd5 31. g4 g6 32. Bd3 Kc6 33. h4 Be6
34. f5 gxf5 35. gxf5 Bd7 36. Kf4 cxb4 37. cxb4 Kd5 38. Be2 Kd4 39. f6 Kc3 40.
Ke5 Kxb4 41. Kd6 Be6 42. Ke7 Kc5 43. Bh5 b4 44. Bxf7 Bxf7 45. Kxf7 b3 46. Kg7
b2 47. f7 b1=Q 48. f8=Q+ Kd5 49. Qf7+ Ke5 50. Qf6+ Kd5 51. Kxh6 Qb7 52. Kg6
Qb1+ 53. Qf5+ Qxf5+ 54. Kxf5 Kd6 55. Kf6 Kd7 56. Kg7 Ke8 57. h5 Ke7 58. h6 Ke6
59. h7 {Normal} 1-0

[Event "Rated Blitz game"]
[Site "?"]
[Date "2021.10.09"]
[Round "?"]
[White "Colin20"]
[Black "Engvangchess"]
[Result "1-0"]
[WhiteElo "2462"]
[BlackElo "2363"]
[PlyCount "52"]
[EventDate "2021.??.??"]
[EventType "blitz"]

1. e4 e5 2. Nf3 d5 3. Nxe5 Bd6 4. d4 dxe4 5. Bc4 Bxe5 6. Qh5 Qe7 7. dxe5 Nc6 8.
Bf4 Be6 9. Bxe6 Qxe6 10. Nc3 O-O-O 11. O-O g6 12. Qe2 f5 13. exf6 Nxf6 14. Rfe1
Nd4 15. Qf1 Nxc2 16. Nb5 Nd5 17. Bg5 Rd7 18. Qc4 Nxe1 19. Rxe1 Re8 20. Nxa7+
Kb8 21. Nb5 Nf4 22. Qa4 Qa6 23. Qc4 Nd3 24. Rxe4 Red8 25. Bxd8 Nxb2 26. Bxc7+
Kc8 {Normal} 1-0

[Event "Rated Blitz game"]
[Site "?"]
[Date "2021.10.09"]
[Round "?"]
[White "Cube1984"]
[Black "Andr123321"]
[Result "1-0"]
[WhiteElo "2438"]
[BlackElo "2520"]
[PlyCount "99"]
[EventDate "2021.??.??"]
[EventType "blitz"]

1. e4 e5 2. Nf3 d5 3. Nxe5 Qe7 4. d4 dxe4 5. Bc4 Be6 6. Bxe6 Qxe6 7. O-O Nf6 8.
Nc3 Bd6 9. f4 exf3 10. Qxf3 O-O 11. Qxb7 Nbd7 12. Nxd7 Qxd7 13. Bg5 Ng4 14. h3
Rab8 15. Qe4 Nh2 16. Qf5 Qc6 17. Rf2 Rxb2 18. Ne4 f6 19. Nxd6 Qxd6 20. Bf4 Qxd4
21. Bxh2 Rxc2 22. Raf1 Rxa2 23. Bxc7 Re8 24. Bg3 Ree2 25. Qc8+ Kf7 26. Qc7+ Kg6
27. Qf4 Qc5 28. Kh2 Rxf2 29. Rxf2 Rxf2 30. Bxf2 Qe7 31. Qg4+ Kf7 32. Qc4+ Kg6
33. Bc5 Qc7+ 34. Kh1 a5 35. Qe4+ Kf7 36. Qd5+ Kg6 37. Bd6 Qc1+ 38. Kh2 Qg5 39.
Qxg5+ Kxg5 40. Kg3 f5 41. Kf3 g6 42. Be5 Kh5 43. Kf4 h6 44. Bf6 g5+ 45. Kxf5
Kh4 46. Be5 a4 47. Kg6 a3 48. Kxh6 a2 49. Kg6 g4 50. g3+ {Time forfeit} 1-0

[Event "Rated Blitz tournament wmsrjTop"]
[Site "?"]
[Date "2021.10.09"]
[Round "?"]
[White "vib1111"]
[Black "Annali-annaliew1979"]
[Result "0-1"]
[WhiteElo "2207"]
[BlackElo "2428"]
[PlyCount "64"]
[EventDate "2021.??.??"]
[EventType "blitz"]

1. e4 e5 2. Nf3 d5 3. exd5 e4 4. Nd4 c5 5. Ne2 f5 6. Nbc3 Nf6 7. d3 Bd6 8. dxe4
fxe4 9. Bg5 Bf5 10. Ng3 Bg6 11. a4 O-O 12. Bc4 Re8 13. O-O Nbd7 14. Nb5 Bxg3
15. fxg3 a6 16. Nd6 Re5 17. Bf4 Qc7 18. Bxe5 Nxe5 19. Nf5 Nxc4 20. d6 Qd7 21.
Ne7+ Kh8 22. Nxg6+ hxg6 23. Rf4 g5 24. Rf1 Ne3 25. Qe2 Nxf1 26. Rxf1 Qxd6 27.
Rf5 Qd4+ 28. Kf1 Qxb2 29. Rxg5 Rd8 30. Kf2 Qd4+ 31. Ke1 e3 32. h4 Qa1+ {Normal}
0-1

[Event "Rated Blitz game"]
[Site "?"]
[Date "2021.10.09"]
[Round "?"]
[White "Surrender-at-20"]
[Black "Erow"]
[Result "1-0"]
[WhiteElo "2597"]
[BlackElo "2751"]
[PlyCount "133"]
[EventDate "2021.??.??"]
[EventType "blitz"]

1. e4 e5 2. Nf3 d5 3. exd5 e4 4. Ne5 Qxd5 5. d4 exd3 6. Nxd3 Nf6 7. Nc3 Qd8 8.
Bg5 Bd6 9. Qf3 O-O 10. Bxf6 Qxf6 11. Qxf6 gxf6 12. O-O-O Re8 13. Be2 Nc6 14.
Bf3 Ne5 15. Bd5 Bf5 16. Nxe5 Bxe5 17. g3 c6 18. Bf3 Rad8 19. Na4 Bd4 20. Rd2 b5
21. Rhd1 bxa4 22. Rxd4 Rxd4 23. Rxd4 Re1+ 24. Rd1 Re6 25. Kd2 Re5 26. Bxc6 a3
27. bxa3 Ra5 28. Re1 Rxa3 29. Bd5 Ra5 30. Bb3 Rc5 31. Re3 a5 32. Rc3 Re5 33. f4
Re7 34. Rc5 Rd7+ 35. Kc3 Be4 36. Rxa5 Rc7+ 37. Kd4 Bxc2 38. Rc5 Rd7+ 39. Kc3
Be4 40. a4 Rd3+ 41. Kb4 Rd4+ 42. Bc4 Rd1 43. a5 Rb1+ 44. Kc3 Rc1+ 45. Kd4 f5
46. a6 Kg7 47. Rc7 Kf6 48. Rxf7+ Kg6 49. Rc7 Kf6 50. a7 Ra1 51. Kc5 h5 52. h4
Ra3 53. Kd6 Rxg3 54. Bd5 Bxd5 55. Kxd5 Ra3 56. Kc6 Ke6 57. Kb7 Kd5 58. a8=Q
Rxa8 59. Kxa8 Ke4 60. Rc4+ Kf3 61. Kb7 Kg4 62. Kc6 Kxh4 63. Kd5 Kg4 64. Ke5 h4
65. Rc8 h3 66. Rg8+ Kf3 67. Kxf5 {Normal} 1-0

[Event "Rated Blitz game"]
[Site "?"]
[Date "2021.10.09"]
[Round "?"]
[White "PurgeDota"]
[Black "Rikoboy"]
[Result "0-1"]
[WhiteElo "2393"]
[BlackElo "2409"]
[PlyCount "80"]
[EventDate "2021.??.??"]
[EventType "blitz"]

1. e4 e5 2. Nf3 d5 3. exd5 e4 4. Qe2 Nf6 5. d3 Qxd5 6. dxe4 Qxe4 7. Nc3 Bb4 8.
Bd2 Bxc3 9. Bxc3 O-O 10. O-O-O Nbd7 11. Nd4 Qg6 12. f3 Re8 13. Qf2 a6 14. Bd3
Qg5+ 15. Kb1 c5 16. h4 Qf4 17. g3 Qc7 18. Nf5 b5 19. h5 b4 20. Bd2 c4 21. Be4
Nxe4 22. fxe4 c3 23. Bc1 Bb7 24. Bf4 Ne5 25. Nd6 Re6 26. Qd4 Nc6 27. Qc5 cxb2
28. h6 Qa5 29. Nxb7 Qa3 30. Nd6 Na5 31. Nc4 Qc3 32. Be5 Qxc4 33. Qxc4 Nxc4 34.
Bxg7 a5 35. Rd4 Rc8 36. Rhd1 Na3+ 37. Kxb2 Rxc2+ 38. Kb3 Rc3+ 39. Ka4 Re8 40.
Rd8 Rc8 {Time forfeit} 0-1

[Event "Rated Blitz game"]
[Site "?"]
[Date "2021.10.09"]
[Round "?"]
[White "mansurhidayat"]
[Black "RCompany_1"]
[Result "1-0"]
[WhiteElo "2488"]
[BlackElo "2487"]
[PlyCount "73"]
[EventDate "2021.??.??"]
[EventType "blitz"]

1. e4 e5 2. Nf3 d5 3. exd5 e4 4. Qe2 Nf6 5. d3 Qxd5 6. Nc3 Bb4 7. Bd2 Bxc3 8.
Bxc3 O-O 9. dxe4 Nxe4 10. Qd3 Nxc3 11. bxc3 Be6 12. Be2 Nc6 13. O-O Rad8 14.
Rfd1 Qc5 15. Nd4 Bd5 16. Nxc6 bxc6 17. c4 Bxc4 18. Qxc4 Qxc4 19. Bxc4 Rd6 20.
Rxd6 cxd6 21. Rb1 d5 22. Bd3 Re8 23. f3 g6 24. Rb7 c5 25. Bb5 Re1+ 26. Kf2 Rb1
27. Bc6 Rc1 28. Bxd5 Rxc2+ 29. Kg3 c4 30. Rxf7 Kh8 31. Rxa7 c3 32. Rc7 h6 33.
h4 h5 34. Bb3 Rc1 35. Kf4 Rg1 36. Kg5 Rxg2+ 37. Kh6 {Normal} 1-0

[Event "Rated Blitz game"]
[Site "?"]
[Date "2021.10.09"]
[Round "?"]
[White "PurgeDota"]
[Black "Rikoboy"]
[Result "1-0"]
[WhiteElo "2388"]
[BlackElo "2415"]
[PlyCount "71"]
[EventDate "2021.??.??"]
[EventType "blitz"]

1. e4 e5 2. Nf3 d5 3. exd5 e4 4. Qe2 Nf6 5. d3 Qxd5 6. dxe4 Qxe4 7. Nc3 Bb4 8.
Bd2 Bxc3 9. Bxc3 O-O 10. O-O-O Nbd7 11. Nd4 Qf4+ 12. Kb1 a6 13. g3 Qh6 14. Nf5
Qg5 15. Ne7+ Kh8 16. Nxc8 Raxc8 17. h4 Qc5 18. Bh3 Rce8 19. Qf3 Ne5 20. Qf5 Qb5
21. h5 h6 22. Rhe1 Nc4 23. Qf3 Rxe1 24. Rxe1 Qxb2+ 25. Bxb2 Nd2+ 26. Kc1 Nxf3
27. Re7 Nd5 28. Rd7 c6 29. Rxb7 Re8 30. c4 Re1+ 31. Kc2 Re2+ 32. Kb3 Nd2+ 33.
Ka4 Nxc4 34. Rb8+ Kh7 35. Bf5+ g6 36. Rh8# {Normal} 1-0

[Event "Rated Blitz tournament WG0wYyy0"]
[Site "?"]
[Date "2021.10.09"]
[Round "?"]
[White "vangulio"]
[Black "cuerosky"]
[Result "1-0"]
[WhiteElo "2515"]
[BlackElo "2327"]
[PlyCount "69"]
[EventDate "2021.??.??"]
[EventType "blitz"]

1. e4 e5 2. Nf3 d5 3. exd5 e4 4. Qe2 Nf6 5. Nc3 Be7 6. Nxe4 O-O 7. d3 Re8 8.
Bd2 Nxd5 9. O-O-O f5 10. Ng3 Bf6 11. Be3 f4 12. Ne4 fxe3 13. fxe3 Nc6 14. Kb1
Bf5 15. Nxf6+ Nxf6 16. e4 Nd4 17. Qf2 Nxf3 18. gxf3 Be6 19. Be2 c5 20. Rhg1 Rc8
21. f4 Qa5 22. b3 b5 23. f5 Bd7 24. Qh4 Qb6 25. Qh6 Re7 26. e5 Nd5 27. f6 Rf7
28. Rxg7+ Kf8 29. Rxf7+ Kxf7 30. Bh5+ Ke6 31. f7+ Kxe5 32. Re1+ Kd4 33. Re4+
Kc3 34. Qc1 c4 35. Qe1# {Normal} 1-0

[Event "Rated Blitz game"]
[Site "?"]
[Date "2021.10.09"]
[Round "?"]
[White "YEIKOCASTELLA"]
[Black "Annali-annaliew1979"]
[Result "1-0"]
[WhiteElo "2450"]
[BlackElo "2415"]
[PlyCount "47"]
[EventDate "2021.??.??"]
[EventType "blitz"]

1. e4 e5 2. Nf3 d5 3. exd5 e4 4. Ne5 Bd6 5. Nc4 Nf6 6. Nxd6+ cxd6 7. Nc3 O-O 8.
Be2 a6 9. O-O Bf5 10. b3 Nbd7 11. Bb2 Re8 12. d3 Rc8 13. dxe4 Nxe4 14. Nxe4
Bxe4 15. Bd3 Nc5 16. Bxe4 Nxe4 17. Qg4 f6 18. c4 b5 19. Rfe1 Ng5 20. h4 Rxe1+
21. Rxe1 Nf7 22. f4 Rc7 23. Bxf6 Nh6 24. Bxd8 {Normal} 1-0